000 00315nam a2200121Ia 4500
008 230511s1973 xx 000 0 und d
041 _aeng
082 _a348.041
100 _aRatanlal Ranchodas
245 _aBombay Law Repoter 1973
260 _aMumbai
_bBombay Law Reporter
_c1973
906 _aHigh Court Cases
999 _c353868
_d353868